| 000 | 00619nam a2200205Ia 4500 | ||
|---|---|---|---|
| 003 | GCL | ||
| 008 | 140319s9999 xx 000 0 ara d | ||
| 040 |
_aGCL / _cGCL |
||
| 082 | 0 | 4 |
_a771 _bص م |
| 100 | 1 | _aصبحى محمد منصور | |
| 245 | 1 | 0 |
_aاساسيات التصوير الضوئى / _cصبحى محمد منصور |
| 260 |
_a[S.N] : _bمطبعة جامعة حلوان ، _c1994 |
||
| 300 | _a193 ص | ||
| 490 | _a | ||
| 650 | 0 | 4 | _aالتصوير |
| 650 | 0 | 4 | _aالتصوير الضوئى |
| 650 | 0 | 4 | _aالالات التصوير |
| 650 | 0 | 4 | _aتحميض وطبع الافلام |
| 942 |
_2ddc _cBK |
||
| 999 |
_c36381 _d36381 |
||